[Event "Cannes Generations"]
[Site "Cannes"]
[Date "1998.??.??"]
[Round "2"]
[White "Ponomariov, Ruslan"]
[Black "Kortschnoj, Viktor Lvovich"]
[Result "1/2-1/2"]
[WhiteElo "2580"]
[BlackElo "2625"]
[Annotator "Mikhalevski,V"]
[PlyCount "91"]
[EventDate "1998.02.21"]
[EventType "schev"]
[EventRounds "8"]
[EventCountry "FRA"]
[SourceTitle "CBM 065"]
[Source "ChessBase"]
[SourceDate "1998.08.06"]
[SourceVersion "1"]
[SourceVersionDate "1998.08.06"]
[SourceQuality "1"]

1. e4 e5 2. Nf3 Nc6 3. Nc3 Nf6 4. g3 Bb4 5. Bg2 O-O 6. O-O Bxc3 7. bxc3 {
Rare guest in tournament practice.} (7. dxc3 d6 (7... Nxe4 8. Re1 (8. Nxe5 Nxe5
9. Bxe4 d6 10. f4 Ng4 11. f5 Nf6 12. Bg2 Re8 13. g4 d5 14. Bg5 c6 15. Kh1 Qd6
16. Qd4 Ne4 17. Rae1 c5 18. Qd1 Qc6 19. c4 Nxg5 20. cxd5 Qd7 21. h4 Ne6 22.
fxe6 fxe6 23. Qf3 Qe7 24. g5 Bd7 25. d6 Qd8 26. Qf7+ Kh8 27. Be4 $18 {1-0 Glek,
I-Grabarczyk,M/Katowice op 1992 (39)}) 8... Nf6 9. Nxe5 Nxe5 10. Rxe5 d6 11.
Re1 Re8 {+/=/=}) 8. Nh4 {/\->>>} (8. Qd3 h6 9. c4 Be6 10. Nh4 Qd7 11. Re1 Bh3
12. Bh1 Rae8 13. Bd2 Kh8 14. Bc3 g5 15. Nf5 Kh7 16. Rad1 Qe6 17. Ne3 Ne7 18. c5
dxc5 19. Nd5 Rc8 20. f4 gxf4 21. Nxf4 exf4 22. e5+ Ne4 23. Qxe4+ Ng6 24. Qxb7
Rg8 25. Qd5 fxg3 26. hxg3 Ne7 27. Qxe6 fxe6 28. Rd7 Rg7 29. Be4+ Bf5 30. Bxf5+
Nxf5 31. Rxg7+ Kxg7 32. Re4 Nd4 33. Bxd4 cxd4 34. Rxd4 Kg6 35. Ra4 Rd8 36. Rxa7
Rd1+ 37. Kf2 Rd2+ 38. Kf3 Rxc2 39. Rb7 Kf5 40. Rb5 h5 41. a4 Rc4 42. a5 Ra4 43.
Rc5 Ra2 44. b4 Ra4 45. Rxc7 Rxb4 46. Rh7 Rb3+ 47. Kg2 Ra3 48. Rxh5+ Kg6 49. g4
Rxa5 50. Kf3 {1/2-1/2 Braga,F-Sorokin,M/Clarin GP-f 1997}) (8. Ne1 Re8 9. c4
Be6 10. b3 Qc8 11. Bg5 Nd7 12. f4 exf4 13. gxf4 f6 14. Bh4 Nc5 15. f5 Bf7 16.
Nd3 Qd8 17. Qg4 Ne5 18. Nxe5 Rxe5 19. Rae1 Kh8 20. Re3 Qf8 21. Be1 Be8 22. Bc3
Re7 23. Rh3 Nd7 24. Rf4 h6 25. Qg3 Ne5 26. Rfh4 Rd8 27. Bd2 Nf7 28. Bf3 Bc6 29.
Bh5 Ng5 30. Bxg5 fxg5 31. Qxg5 Rxe4 32. Rxe4 Bxe4 33. Bg6 Kg8 34. Qe3 Bc6 35.
Qe6+ Kh8 36. f6 Bd7 37. Qe7 Bxh3 38. fxg7+ Qxg7 39. Qxd8+ Qg8 40. Qf6+ Qg7 {
1/2-1/2 Lloyd,A-Sarfati,J/NZD-ch 1985}) 8... Be6 (8... Ne8 {/\g6,Ng7,f6,Be6})
9. f4 {/\f5,g4 ->K} exf4 (9... Bg4 10. Qe1 exf4 11. Bxf4 $14) 10. Bxf4 (10.
gxf4 {Ftacnik} Nxe4 $1 11. Qh5 f5 $17) 10... Ng4 {Ne5 [+]} 11. Nf5 Nge5 (11...
Bxf5 12. exf5 {+/=/+/- ^^,/^h1-a8}) 12. g4 f6 (12... g6 {Ftacnik} 13. Ne3 Qd7
14. g5 f6 15. Nd5 $36) 13. h3 Qd7 14. b3 Rae8 (14... Rad8 {Ftacnik} 15. Qd2 d5
16. Bxe5 fxe5 17. exd5 Bxd5 18. Rad1 Be6 19. Qxd7 Bxd7 20. Bxc6 Bxc6 21. Ne7+
Kh8 22. Rxd8 Rxd8 23. Nxc6 bxc6 24. Rf7 $16) 15. Bg3 Nf7 {/\Ng5 קe4} 16. Qd2
Ng5 (16... Nce5 {Ftacnik} 17. Rad1 $14) 17. Rae1 Bf7 $2 {ףd7,פg5} (17... Ne5
$142 {= [+]}) 18. e5 $1 Bg6 (18... Nxe5 $2 19. Bxe5 Rxe5 20. Rxe5 Nxh3+ 21.
Bxh3 fxe5 22. Qg5 $18) (18... fxe5 $4 {von Gleich} 19. Qxg5) 19. exd6 Nf7 (
19... Rxe1 20. Qxe1 Bxf5 21. Rxf5 cxd6 22. Qd2 Nf7 23. Rd5 Nce5 24. c4 $16) (
19... Rd8 {Ftacnik} 20. Bxc6 bxc6 21. Re7 $18) 20. Bd5 cxd6 21. Nxd6 $1 Re7 (
21... Rxe1 22. Rxe1 Kh8 23. Be6 $18) 22. Nxf7 Bxf7 23. Rxe7 Qxe7 (23... Nxe7 $2
{Ftacnik} 24. Bxf7+ {von Gleich} Kxf7 25. Qxd7) 24. Bd6 $1 $18 Qd8 25. Bxf8
Kxf8 (25... Bxd5 {Ftacnik} 26. Bc5 $18) 26. c4 {1-0 Glek,I-Rozentalis,E/Bonn
GSK 1994}) 7... Nxe4 (7... d5 8. exd5 Nxd5 9. Re1 Re8 10. c4 Nb6 11. d3 Bg4 12.
h3 Bh5 13. Rb1 Rb8 14. Bb2 e4 15. Rxe4 Rxe4 16. dxe4 Nxc4 17. Bc3 Na3 18. Qxd8+
Nxd8 19. Rc1 c5 20. g4 Bg6 21. Nh4 Ne6 22. Nxg6 hxg6 23. Bf1 b5 24. f4 Nd4 25.
Bd3 b4 26. Bb2 Ndb5 27. c4 Nd4 28. Bxd4 cxd4 29. c5 Nb5 30. Bxb5 Rxb5 31. c6
Rb8 32. Kf2 {Podkriznik,G-Basagic,Z/Bled op18th 1997/1-0 (43)}) (7... d6 8. d3
h6 9. Rb1 b6 10. h3 Be6 11. c4 a6 12. Kh2 Rb8 13. Be3 b5 14. cxb5 axb5 15. a3
Ne8 {1/2-1/2 Onischuk,A-Rozentalis,E/New York op 1997}) 8. Nxe5 (8. Qe1 Ng5 9.
Nxe5 Nxe5 10. Qxe5 d6 11. Qb5 c6 12. Qd3 d5 13. h4 Ne4 14. Ba3 Re8 15. c4 Qa5
16. cxd5 cxd5 17. Rab1 Nf6 18. Rb5 Qa6 19. Qb3 Be6 20. d3 Bd7 21. Rb4 Bc6 22.
Bb2 d4 23. Rxb7 $4 Qxb7 {0-1 Stoockalov,V-Himdan,M/Golden Cleopatra, Cairo EGY
1998}) 8... d5 $5 (8... Nxe5 $5 9. Bxe4 {[%cal Ge4h7]} d5 $1 (9... Re8) 10. Bg2
(10. Bxh7+ $6 Kxh7 11. Qh5+ Kg8 12. Qxe5 Bh3 13. Rd1 (13. Re1 Re8 14. Qxe8+
Qxe8 15. Rxe8+ Rxe8 16. Ba3 Re2 $15) 13... Re8 $15 {[%csl Rg1][%cal Ge8e1]})
10... Re8 $11 (10... d4 $5)) 9. Nxc6 bxc6 10. Ba3 Re8 11. Re1 Bf5 12. f3 Nd6
13. d3 Qg5 $5 {[%cal Yg5c1] provoking f3-f4.} (13... Nb5 $5 14. Bb2 Qf6) 14. f4
Qf6 15. Qd2 a5 (15... Rab8 16. Bc5 {[%cal Gc5a7,Gc5f2]}) (15... Nb5 $5 16. Bb2
Rab8) 16. c4 $1 $14 {[%csl Ya3,Rc6,Rd5,Yg2]} Bd7 {[%cal Gf6d4]} (16... dxc4 17.
Bxc6 Qd4+ 18. Qf2 $1 (18. Kg2 Be4+) 18... Qxf2+ 19. Kxf2 Rxe1 20. Rxe1 $16 {
[%csl Ya3,Ra5,Yc6,Rc7][%cal Ge1e7]}) 17. cxd5 (17. Bxd6 $5 Qxd6 (17... cxd6 18.
cxd5 cxd5 19. d4 $1 $16 {[%csl Rd5,Rd6]} (19. c4 Qd4+ 20. Kh1)) 18. Rxe8+ Bxe8
(18... Rxe8 19. cxd5 cxd5 20. Qxa5) 19. cxd5 cxd5 20. d4 $14) 17... cxd5 18.
Bc5 $1 {[%cal Yc5a7,Yc5f2] taking under control /^a7-g1.Now White has slight,
but long-term advantage.} (18. Bxd5 $4 Qd4+) (18. Bxd6 {see 17.B:d6!?}) 18...
Nb7 19. Bf2 Bc6 20. Rab1 Rad8 21. c3 $1 {[%csl Gd4]} Qd6 22. f5 {[%cal Gg3g4]}
(22. Bd4 $5 {[%csl Rb7][%cal Gd2f2]}) 22... f6 23. Rxe8+ Rxe8 24. Re1 Rxe1+ 25.
Qxe1 {Exchange of rooks doesn't relieve fate of Black.White's pair of bishops
dominate on the board.} Nc5 $1 {Otherwise White would play Qe3 and N on b7 is
out of play.} 26. Qe3 Nd7 27. g4 {[%cal Gf2g3]} (27. c4 $1 $16 {[%cal Ge3e6]}
dxc4 $140 $4 28. Qe8+ Nf8 29. Qxc6) 27... Qe5 $1 28. d4 $6 (28. Qd2 $1 {
[%cal Gf2g3] White should refrain from the exchange.Queen is very useful in
such kind of positions.Another drawback of 28.d4?! is weakening square"c4".})
28... Qxe3 29. Bxe3 Nb6 $5 {[%csl Rc4]} (29... Bb7 $5) 30. Bf4 {The idea of 28.
d4?!} a4 $1 {Black is trying to create a fortress.The win is matter of good
technics now.Thats why 28.Qd2! was stronger.} (30... Na4 $2 31. c4 Nb6 (31...
Nc3 32. Bxc7 $18) 32. c5 (32. cxd5 $5 Nxd5 33. Bxc7)) 31. Bxc7 Nc4 {The only
plan now is preparing break through on the king side by h2-h4 and g4-g5.First
of all White has to strenghten his king.Black in this time has to play h7-h6
in order to change as many pawns as possible.} 32. Kf2 Kf7 33. Bf4 {I think
White should leave his bishop on c7 as it can help attacking f6 pawn trom d8.}
h6 34. h4 Bb7 35. Bc1 Bc6 36. Kg3 Bb7 37. Kf4 Bc6 38. Bf3 Bb7 39. g5 hxg5+ 40.
hxg5 g6 $1 {This strong move which came probably as a surprise for White.Black
has exchanged all king side pawns and now White has to win on the one flank
that is much more complicate.} 41. Bd1 Bc6 42. Bc2 (42. fxg6+ Kxg6 43. Bc2+ Kg7
44. g6 Bd7 45. Bf5 $140 Be8 46. Be6 Bc6 {and I don't see how White can improve
his position.}) 42... fxg5+ 43. Kxg5 gxf5 44. Bxf5 Nd6 45. Bc2 Ke6 $1 (45...
Ne4+ $2 46. Bxe4 dxe4 47. Kf5 $1 (47. c4 Ke6 $1 48. Kf4 Bb7 $1 {[%cal Gb7a6]}
49. Ke3 $8 Kf5 $3 $11 {see 46.Kf4 Ne4}) 47... Bd5 48. a3 {and White wins as
following:Kf5-e5,d4-d5,Ke5-d4,c3-c4 then Kd4-c5-b4 and after Bf4 Black is in
zugzwang as B on a6 and K on d7(the only squares to prevent c4-c5-c6) don't
have any moves.}) 46. Kf4 {White should continue.Here are possible variations:}
(46. Kf4 Ne4 $1 (46... Bb5 {[%cal Gd6e4]} 47. Ba3 $1 (47. Bh7 Bc4 48. a3 Nb5)
47... Bc4 (47... Ne4 $142 48. Bb4 $16 {[%cal Gc2d1,Gd1g4,Ga2a3]}) (47... Nc4 $5
) 48. Bxd6 Kxd6 49. a3 Bb3 $2 (49... Bb5 $142 $1 {[%csl Ra4,Ge8][%cal Gf5f6,
Gf6f7,Yc2g6,Yg6e8,Gf4f5,Gf7f8] preventing White's plans.Now White has definite
problems to win as plan Kf4-a5 is impossible and another one with taking his
king across to f8 and then Bc2-g6-e8 suddenly leads to a draw after capture on
e8 and Ke6.The only plan can be Ke3,Bd3 and c3-c4.Then White plays Bc4-b5:a4
and Kc3 just in time.For instance:} 50. Ke3 $1 (50. Kf5 Bd7+ 51. Kf6 Bb5 52.
Kf7 Bd7 53. Kf8 Ke6 54. Bg6 Kd6 55. Be8 Bxe8 56. Kxe8 Ke6 57. Kf8 Kf6 ({but not
} 57... Kf5 58. Ke7 Ke4 59. Kd6 Kd3 60. Kxd5 Kxc3 61. Kc5 $1 Kb3 62. d5 Kxa3
63. d6 Kb2 64. d7 a3 65. d8=Q a2 66. Kb4 a1=Q 67. Qd2+ Kb1 68. Kb3 $18) 58. Kg8
Kg6 $11) 50... Bd7 51. Bd3 Be8 52. c4 dxc4 53. Bxc4 Bc6 54. Kd2 Be8 55. Kc3 Bc6
56. Kb4 Bd7 57. Bb5 Bf5 (57... Bxb5 58. Kxb5 Kd5 59. Kxa4 Kxd4 60. Kb5 $18) 58.
Bxa4 Kd5 59. Kc3 {and White wins.}) 50. Bd3 {[%cal Gf4f5,Gf5f6,Gf6f7,Gf7e8,
Ge8d8,Gd8c8,Gc8b7,Gb7b6,Gb6a5,Gd3b5,Yf4e3,Ye3d2,Yd3c2] and White wins taking
his king across to"a5"or to"d2".}) (46... Nb5 47. Bxa4 Nxd4 48. Bd1 $1 $16 (48.
Bxc6 $2 Nxc6 $11)) 47. c4 $1 {Only chance.} (47. Bxe4 $6 dxe4 48. c4 Bb7 $1 {
[%cal Gb7a6]} 49. Ke3 $1 {[%cal Ge3d2,Gd2c3,Gc3b4,Gb4c5]} (49. d5+ $2 Bxd5 $11
(49... Kd7 $2 50. Kxe4 $18)) 49... Kf5 $3 {[%cal Gb7a6] Golod,V} (49... Kd6 50.
Kd2 Bc8 {[%cal Gc8e6]} 51. Ba3+ $1 {[%cal Gd4d5]}) (49... Ba6 50. d5+ Ke5 51.
Bb2+ Kd6 52. Kd4 e3 (52... Kd7 53. Bc1 Kc7 54. Kc5 (54. a3 Kd7 55. Bf4 Bb7 56.
Kc5 Ba6 57. Kb4 $22) 54... Kd7 55. Bf4 Kc8 $1 (55... Bb7 56. a3 {[%cal Gc5b5]}
Ba6 57. Kb4 $22) (55... Ke7 56. Kc6 Bxc4 57. d6+ Ke6 58. d7 Bb5+ 59. Kxb5 Kxd7
{[%cal Ge4e3]} 60. Kb6 $16) 56. a3 Kd7 57. Kb4 $22) 53. c5+ (53. Bc3 e2 54. c5+
) 53... Kc7 $1 {[%cal Ga6b7,Gc7d7]} 54. Ke5 $5 (54. Kxe3 $2 Bb7 55. Kd4 Kd7 $11
{[%cal Gb7a8]}) (54. c6 $5 e2 55. Bc3 Kb6 {[%cal Ga6b5]} 56. Ke5 $8 a3 57. Be1
{[%cal Ge5d6,Ge1f2]} Bc4 58. Kd6 Bd3 (58... Bxa2 59. c7) 59. Bf2+ Kb5 60. Ke5
$1 {[%cal Gc6c7]} e1=Q+ $8 61. Bxe1 Be2 62. Bb4 $1 $18) 54... e2 55. Bc3 {
and Black doesn't have time for Kd7 and Bb7.} a3 56. Ba5+ Kc8 57. c6 $1 {
[%cal Gd5d6,Gd6d7]} Bb5 58. Kd4 Ba4 59. Kc5 Bc2 60. d6 Bf5 61. Kd4 {[%cal
Gd4e5,Ge5f6,Gf6e7]}) 50. Kd2 (50. d5 Bxd5 $1) 50... Kf4 $1 51. Kc3+ e3 $1 (
51... Kf3 $2 52. d5 {[%csl Gd4]} e3 53. Kd4 e2 54. Bd2 $18) 52. Kd3 Be4+ 53.
Ke2 Bf3+ 54. Kd3 $11) (47. Bb2 Bb5 $11) 47... Nc3 48. Bd2 $1 Ne2+ (48... Nxa2
49. Bf5+ Kf6 50. Bb1 {[%csl Ra2]}) 49. Ke3 Ng3 50. c5 $14) 1/2-1/2

[Event "RUS-Cup02"]
[Site "Moscow"]
[Date "1998.01.24"]
[Round "4"]
[White "Zhelnin, Vladimir V"]
[Black "Balashov, Yuri S"]
[Result "0-1"]
[WhiteElo "2490"]
[BlackElo "2555"]
[Annotator "Mikhalevski,V"]
[PlyCount "76"]
[EventDate "1998.01.21"]
[EventType "swiss"]
[EventRounds "9"]
[EventCountry "RUS"]
[SourceTitle "CBM 063"]
[Source "ChessBase"]
[SourceDate "1998.03.26"]
[SourceVersion "1"]
[SourceVersionDate "1998.03.26"]
[SourceQuality "1"]

1. e4 e5 2. Nc3 Nf6 3. Nf3 Nc6 4. d4 exd4 5. Nxd4 Bb4 6. Nxc6 bxc6 7. Bd3 d5 8.
exd5 cxd5 9. O-O O-O 10. Bg5 c6 11. Ne2 h6 12. Bh4 Bd6 13. Nd4 c5 14. Nf5 (14.
Nb5 $5 {Jussupow}) (14. Nf3 Bg4 15. h3 Bh5 16. Re1 {Uhlmann}) 14... Bxf5 (14...
Be5 15. c3 Re8 16. Re1 Bxf5 17. Bxf5 Qd6 $11 {Ljuboevic-Nikolic,Wijk1988}) 15.
Bxf5 Rb8 16. b3 $6 (16. Rb1 Rb4 17. Bg3 (17. Bxf6 $142) 17... Bxg3 18. hxg3 Qb8
19. b3 Qe5 20. Qf3 g6 21. c3 Rb6 22. Bc2 Re8 23. b4 Qg5 24. Rfd1 Ng4 25. Qxd5
$4 Re1+ {0-1 Ivanov,A-Liss,E/EUCup Gr4 1995}) (16. Bxf6 {Jussupow} Qxf6 17.
Qxd5 Rfd8 18. Qf3 Be5 19. Rad1 $15 (19. Be4 Qxf3 20. Bxf3 Rxb2 $17 (20... Rd2
$17))) 16... Be5 (16... Rb4 17. Bg3 Bxg3 18. hxg3 Re8 (18... Ne4 19. Bxe4 (19.
Re1 Nc3 20. Qf3 Qf6 21. Bd3 a5 22. Qxf6 gxf6 23. Re7 c4 24. Bf1 Rfb8 25. Rc7 a4
26. bxc4 Rb1 27. Rxb1 Rxb1 28. f3 d4 29. c5 Kf8 30. c6 Ke8 31. Rb7 Kd8 32. Rxb1
Nxb1 33. Bc4 Kc7 34. Bxf7 Nc3 35. Kh2 Kxc6 36. Kh3 Kd6 37. Kg4 Nd1 38. Kh5 Ne3
39. Bg6 f5 40. Kxh6 Nxc2 41. Bxf5 Nb4 42. a3 d3 43. Bxd3 Nxd3 {Gomez,M-Gual,A/
Barbera op 1993/1/2-1/2 (56)}) 19... Rxe4 20. Qd2 Rfe8 21. Rfe1 Qg5 22. Rxe4
Qxd2 23. Rxe8+ Kh7 24. c4 d4 25. Ree1 d3 26. Red1 Qb2 27. Rdb1 Qd4 28. Rd1 a5
29. a3 Qb2 30. Rab1 Qxa3 31. Rxd3 a4 32. Rdd1 axb3 33. Rd3 Qb4 34. Rdxb3 Qxc4
35. Re3 Qc2 36. Ree1 c4 37. Rbc1 Qd2 38. Rcd1 Qc2 39. Rc1 Qd2 40. Rcd1 {
1/2-1/2 Stojakovic,B-Anic,D/JUG-chT 1989}) 19. Qf3 {1/2-1/2 Barden,L-Phillips,
G/BCF-ch m 1954}) 17. Rc1 (17. Rb1 Qd6 18. Bg3 $6 (18. Bxf6 {Jussupow} Qxf6 (
18... Bxh2+ 19. Kh1 Qxf6 20. Qxd5 Be5 $15) 19. Qf3 $15) 18... Bxg3 19. hxg3
Rfe8 $17 {Jussupow ><f5; <->e} (19... g6 20. Bd3 Rfe8 21. Qd2 c4 22. Bxc4 Ne4
23. Qxd5 Qxd5 24. Bxd5 Nc3 25. Bc4 Nxb1 26. Rxb1 Kg7 27. Kf1 f5 28. Bd3 a5 29.
a3 Kf6 30. Rd1 g5 31. f3 f4 32. g4 Re3 33. Kf2 Rc8 34. Bf5 Rc6 35. Rd4 Rec3 36.
Ra4 R6c5 37. Ke2 Rxf5 38. gxf5 Rxc2+ 39. Kf1 Rc5 40. b4 axb4 41. Rxb4 Rc1+ {
Baum,B-Teschner,R/RLNS 1991/0-1 (55)}) (19... Qe5 {Jussupow} 20. Bd3 (20. Qf3
Rfe8 $17) 20... Rfe8 $17) 20. Re1 (20. Qd2 $5 {Jussupow} Qe5 (20... Re5 21. Bd3
Rbe8 22. Rbe1 Qe7 $17) 21. g4 $17 (21. Bd3 $2 Ng4 $19 {/\Qh5}) 21... g6 $140
22. Rbe1 Qd4 23. Qxh6 gxf5 24. Qg5+ Kh8 25. Rd1) 20... Rxe1+ 21. Qxe1 Re8 22.
Qd2 Qe5 {<->e} 23. Qf4 Qc3 24. Rf1 (24. Bd3 $142 {Jussupow} h5 25. f3 $17)
24... g6 (24... c4 $5 $17 {Jussupow} 25. bxc4 dxc4 26. Rb1 (26. Rd1 g6 27. Bd7
Re1+) 26... g6 27. Qxh6 gxf5 28. Qg5+ Kh8) 25. Bd3 Kg7 26. f3 a5 27. g4 c4 $5 (
27... g5 {Jussupow} 28. Qg3 (28. Qf5 Qd4+ (28... c4 29. bxc4 Qd4+ 30. Kh1 dxc4
31. Be4 Re5 32. Qc8 Nxe4 33. fxe4 Rxe4 $17) 29. Kh1 Re5 30. Qc8 h5 $40) (28.
Qc7 Qd4+ 29. Kh2 h5 $19) 28... c4 29. Bf5 Re2 30. Kh2 $17) (27... Re5 $5 $17 {
Jussupow /\h5 Uhlmann}) 28. bxc4 g5 29. Qc7 (29. Qg3 {Jussupow} dxc4 30. Bf5
Nd5 $19 (30... Qd2 {Uhlmann})) 29... Qd4+ 30. Kh2 $1 (30. Rf2 {Jussupow} Re1+
31. Bf1 Rxf1+ 32. Kxf1 Qd1#) (30. Kh1 {Jussupow} h5 31. gxh5 Nxh5 32. g3 Re5 $1
33. Rg1 (33. Kg2 Nxg3 34. Kxg3 Qf4+ 35. Kh3 g4+ $19) 33... Nxg3+ $3 34. Rxg3
Re1+ 35. Kh2 (35. Kg2 Rg1+ 36. Kh2 Qf2+ 37. Kh3 Rh1+ 38. Kg4 Qd4+ $19) 35...
Qf2+ 36. Kh3 Rh1+ 37. Kg4 Qd4+ 38. Be4 (38. f4 Rh4+ 39. Kf3 Rxf4+ $19) (38.
Kxg5 Qf6+ 39. Kg4 Rh4#) 38... Rh4+ 39. Kxg5 Qf6#) 30... h5 31. gxh5 Qh4+ (31...
Nxh5 {Jussupow} 32. g3 $13) (31... Rh8 $2 {Jussupow} 32. g4 Nxg4+ 33. fxg4 Qxg4
34. Qe5+ {Uhlmann}) 32. Kg1 Nxh5 33. Qb6 (33. cxd5 {Jussupow} Qd4+ 34. Kh2 Rh8
$19) (33. Qc5 {Jussupow} Ng3 34. cxd5 Nxf1 35. Bxf1 Qb4 $17) 33... Ng3 (33...
dxc4 $6 {Jussupow} 34. Be4 Ng3 35. Qd4+ Kg8 36. Re1) 34. cxd5 (34. Rb1 $5 {
Jussupow} dxc4 35. Bf1 Qf4 $17) 34... Nxf1 (34... Re2 $2 {Jussupow} 35. Qb2+ $1
$10) 35. Bxf1 (35. Qb2+ {Jussupow} Kg8 36. Bxf1 Qf4 $19) 35... Qb4 36. Qxb4
axb4 37. Bb5 (37. Kf2 {Jussupow} Rc8 38. Bd3 Kf6 39. g4 Ke5 40. Be4 Kd4 41. Ke2
Ra8 42. Kd2 Kc5 43. Kd3 Ra3+ 44. Kd2 Rxa2 45. Kd3 Ra3+ 46. Kd2 Ra6 47. Kd3 Rh6
48. Ke3 Kc4 49. Kd2 Kd4 50. Ke2 Rh2+ 51. Kf1 Ke3 52. Kg1 Rd2 53. Kf1 (53. Bd3
b3 $19) 53... f5 54. gxf5 g4 55. Ke1 Re2+ 56. Kf1 gxf3 $19 57. f6 {Uhlmann} f2)
(37. Bc4 {Jussupow} Kf6 38. Kf2 Rc8 39. Bb3 Ke5 40. Ke3 f5 41. g3 Rc3+ 42. Ke2
f4 43. gxf4+ gxf4 44. Kf2 Rc7 45. Kg2 Rg7+ 46. Kf2 Kd4 47. Ke2 Rg2+ 48. Kf1 Rd2
49. Ke1 Ke3 $19 {Uhlmann}) 37... Re1+ $6 (37... Rc8 $5 {Jussupow} 38. Bc6 Kf6
39. Kf2 Ke5 40. Ke3 Rc7 41. Kd3 Ra7 42. Kc4 Rxa2 43. Kb3 Ra1 44. Kxb4 Kd6 $17)
(37... Re5 $142 {Jussupow} 38. Bc4 (38. Bc6 Kf8 (38... f5 39. Kf2 f4 $17 (39...
Kf6 40. f4 gxf4 41. Kf3 Re4 42. d6 Rd4 43. d7)) 39. Kf2 (39. d6 Re6 40. d7 Ke7
41. Ba4 Ra6 42. Bb3 f5 $17) 39... Ke7 40. Kg3 f5 $19 (40... Kd6 $19)) 38... Kf8
39. d6 f6 (39... f5 $5) 40. Bb3 Ke8 41. Ba4+ Kd8 42. Kf2 Ra5 43. Bb3 Kd7 44.
Ke3 Kxd6 45. Kd4 Rc5 $17) 38. Kf2 Rd1 39. Bd3 Kf6 40. Ke2 Rg1 (40... Ra1 {
Jussupow} 41. Bc4 Ke5 42. d6) (40... Rh1 $5 {Jussupow} 41. d6) 41. Kf2 $2 (41.
g4 $1 {Jussupow} Ke5 42. Be4 Ra1 (42... Kd6 43. Kd3 Kc5 44. c3 $10 {Uhlmann})
43. Kd3 Rxa2 44. Kc4 Rb2 45. Bd3 {Uhlmann}) 41... Rc1 $1 (41... Ra1 {Jussupow}
42. d6 (42. Bc4 Rd1 43. Ke3 Ke5 44. d6 f6 45. Bd3 $17) (42. Ke3 Ke5 43. Bc4 f5
44. g3 Re1+ 45. Kf2 Rh1 $17 {Uhlmann}) 42... Rxa2 43. Ke3 $17) 42. d6 (42. Kg3
$5 {Jussupow} Ke5 43. d6 $1 (43. Kg4 Rg1 44. g3 Kxd5 (44... f6 45. Bc4 (45. Be4
Ra1) 45... f5+ $19) 45. Kxg5 Rxg3+ 46. Kf4 Rg1 $19) 43... Kxd6 44. Kg4 Rg1 (
44... f6 45. Kf5 Ke7 46. Ke4 $17) 45. Kxg5 Rxg2+ 46. Kf6 Rf2 47. Be4 Rf1 48.
Kxf7 Ke5 49. Ke7 Ra1 50. Kd7 Rxa2 51. Kc6 Kd4 52. Kb5 Kc3 53. f4 Ra1 54. Kc5
Ra5+ 55. Kd6 Kd4 $19) (42. g4 {Jussupow} Ke5 43. Be4 Kd6 $1 (43... Ra1 44. Ke3
Rxa2 45. Kd3 Ra8 46. Kc4 Rb8 47. Kc5 b3 48. cxb3 Rxb3 49. Kc6 {Uhlmann=/+
Schach Report 7/1992}) (43... Rd1 $5 44. Ke2 $1 Rd4 45. Ke3 f6 (45... Rc4 46.
Kd3 (46. Kd2 $1 Rc3 47. Kc1) 46... Rc3+ 47. Kd2 Ra3 48. Ke2 f6 49. Kd2 Kd6 50.
Ke2 Kc5 $19) 46. Kf2 $1 Kd6 (46... Kf4 47. Ke2) 47. Ke3 Kc5 48. f4 Rc4 $19) 44.
Ke3 Kc5 45. Kd2 (45. Kd3 Rd1+ 46. Ke3 Ra1 47. f4 Re1+ $19) 45... Ra1 $19) 42...
Ke6 43. Bc4+ Kxd6 44. Bxf7 Rxc2+ 45. Kg3 Ke5 $19 46. Bb3 Rd2 47. Bg8 Kd4 48.
Bb3 Ke3 49. Bc4 Rd4 50. Bb5 (50. Bb3 {Jussupow} Ke2) 50... Kd2 51. Kh3 Ke1 52.
Kg3 Rd5 53. Ba6 (53. Bc4 {Jussupow} Rd2 $19) 53... Rd2 54. Bc4 Rc2 55. Bb3 Rf2
$1 56. Kh2 (56. Bc4 {Jussupow} Rd2 $19 {(.)}) 56... Rd2 57. Kg1 Ke2 58. Bc4+
Ke3 59. Bb3 Kf4 60. Kh2 Rd6 {0-1 Lutz,C-Jussupow,A/Munich 1992}) 17... Qd6 18.
Bg3 $6 (18. Bxf6 $5 Bxh2+ (18... Qxf6 $15) 19. Kh1 Qxf6 20. Qxd5 Be5 21. Qf3
$15) 18... Bxg3 19. hxg3 Rfe8 $17 20. Qf3 Re5 21. Rfe1 Rbe8 22. Rxe5 Qxe5 23.
c3 (23. Bd3 $5 Qb2 24. Qd1) 23... c4 $1 24. Rd1 (24. g4 g6 25. Bc2 Qg5) 24...
g6 $1 25. Bc2 h5 $1 26. Rf1 (26. bxc4 $2 Qe1+ 27. Rxe1 (27. Kh2 Ng4+ 28. Kh3
Nxf2+ $19) 27... Rxe1+ 28. Kh2 Ng4+ 29. Qxg4 hxg4 30. cxd5 Rc1 $19) 26... Kg7
27. bxc4 (27. b4) 27... dxc4 28. Ba4 Rd8 $19 29. Qb7 a5 30. Rc1 Rd2 31. Qb1
Rxf2 $3 32. Kxf2 Ng4+ 33. Kg1 Qe3+ 34. Kh1 Qxg3 35. Kg1 Qh2+ 36. Kf1 Qh1+ 37.
Ke2 Qxg2+ 38. Kd1 Qf1+ 0-1